LEADER 01252nam0 22002891i 450 001 VAN0033046 005 20100621120000.0 010 $a88-14-08290-1 100 $a20050228d2000 |0itac50 ba 101 $aita 102 $aIT 105 $a|||| ||||| 200 1 $aGuida pratica all'invalidità nei vari ambiti occupazionali$erassegna delle norme dei vari enti previdenziali$fMarcello Canale, Roberto Malcontenti, Cristian Palmiere 210 $aMilano$cGiuffrè$d2000 215 $aXVI, 158 p.$d23 cm. 410 1$1001VAN0007333$12001 $aCosa & Come. Lavoro e previdenza$1210 $aMilano$cGiuffrè. 620 $dMilano$3VANL000284 700 1$aCanale$bMarcello$3VANV003259$0407497 701 1$aMalcontenti$bRoberto$3VANV009377$0507037 701 1$aPalmiere$bCristian$3VANV009378$0542451 712 $aGiuffrè $3VANV109181$4650 801 $aIT$bSOL$c20230616$gRICA 899 $aBIBLIOTECA DEL DIPARTIMENTO DI GIURISPRUDENZA$1IT-CE0105$2VAN00 912 $aVAN0033046 950 $aBIBLIOTECA DEL DIPARTIMENTO DI GIURISPRUDENZA$d00CONS IX.Eb.25 $e00 18116 20050228 996 $aGuida pratica all'invalidita nei vari ambiti occupazionali$9879354 997 $aUNICAMPANIA LEADER 03249nam0 2200613 i 450 001 VAN00124535 005 20250725114913.124 017 70$2N$a9783030011444 100 $a20191021d2018 |0itac50 ba 101 $aeng 102 $aCH 105 $a|||| ||||| 200 1 $aAlgebra, Complex Analysis, and Pluripotential Theory$e2 USUZCAMP, Urgench, Uzbekistan, August 8?12, 2017$fZair Ibragimov ... [et al.] editors 210 $aCham$cSpringer$d2018 215 $ax, 226 p.$cill.$d24 cm 410 1$1001VAN00102574$12001 $aSpringer proceedings in mathematics & statistics$1210 $aBerlin [etc.]$cSpringer$d2012-$v264 500 1$3VAN00236105$aAlgebra, Complex Analysis, and Pluripotential Theory$91564641 606 $a17A32$xLeibniz algebras [MSC 2020]$3VANC035278$2MF 606 $a31B15$xPotentials and capacities, extremal length and related notions in higher dimensions [MSC 2020]$3VANC024844$2MF 606 $a32U30$xRemovable sets in pluripotential theory [MSC 2020]$3VANC035279$2MF 606 $a37K15 -Inverse spectral and scattering methods for infinite-dimensional Hamiltonian and Lagrangian systems [MSC 2020]$3VANC022765$2MF 606 $a41A17$xInequalities in approximation (Bernstein, Jackson, Nikol?ski?-type inequalities) [MSC 2020]$3VANC022340$2MF 606 $a46L57$xDerivations, dissipations and positive semigroups in C*-algebras [MSC 2020]$3VANC023336$2MF 606 $a46S10$xFunctional analysis over fields other than ${\bf R}$ or ${\bf C}$ or the quaternions; non-Archimedean functional analysis [MSC 2020]$3VANC031520$2MF 606 $a60J10$xMarkov chains (discrete-time Markov processes on discrete state spaces) [MSC 2020]$3VANC020036$2MF 610 $aA(z)-analytic Functions$9KW:K 610 $aGibbs Measure$9KW:K 610 $aHolomorphic extensions$9KW:K 610 $aInvolutive Algebra$9KW:K 610 $aLeibniz Algebra$9KW:K 610 $aLie Algebras$9KW:K 610 $aLocal Automorphism$9KW:K 610 $aLog-integrable Measurable Function$9KW:K 610 $aM-subharmonic Functions$9KW:K 610 $aPluripotential Theory$9KW:K 610 $aPolynomial Estimates$9KW:K 610 $aPseudo-Galilean Group$9KW:K 610 $aPseudodifferential operators$9KW:K 610 $aSingular Sets$9KW:K 610 $aSlow Convergence$9KW:K 610 $aSpectral expansions$9KW:K 610 $aTranscendence Basis$9KW:K 620 $aCH$dCham$3VANL001889 702 1$aIbragimov$bZair$3VANV095964 712 12$aUSA-Uzbekistan Conference on Analysis and Mathematical Physics$d2.$f2017$eUrgench, Uzbekistan$3VANV095966 712 $aSpringer $3VANV108073$4650 801 $aIT$bSOL$c20250801$gRICA 856 4 $uhttp://doi.org/10.1007/978-3-030-01144-4$zE-book ? Accesso al full-text attraverso riconoscimento IP di Ateneo, proxy e/o Shibboleth 899 $aBIBLIOTECA DEL DIPARTIMENTO DI MATEMATICA E FISICA$1IT-CE0120$2VAN08 912 $fN 912 $aVAN00124535 950 $aBIBLIOTECA DEL DIPARTIMENTO DI MATEMATICA E FISICA$d08DLOAD e-book 1010 $e08eMF1010 20191021 996 $aAlgebra, Complex Analysis, and Pluripotential Theory$91564641 997 $aUNICAMPANIA